000 00235nam a22000857a 4500
008 161013b xxu||||| |||| 00| 0 eng d
100 _9823
_aJain.R.K.
245 _aEnaglish Grammer & Compositions
260 _aNew Delhi
_bAPC Publications
_c2010
999 _c3476
_d3476